000 00705nam a22002297a 4500
005 20170124105941.0
010 _a839017
020 _c45.00
_a0706904796
035 _a839017
037 _bCen Lib/Ret
040 _aDPL
_bEN
082 _a270
_bMOH
100 _aMohammad Iqbal, Sheikh
_911239
245 _aThe mission of islam /
_cby Sheikh Mohammad iqbal
260 _bVikas Publishing House
_c1977
_aNew Delhi
270 _a5, ansari road, dariya ganj
_bNew Delhi
_e110002
300 _aviii, 234p.
_c21cm(Hb)
500 _aIncludes bibliographical references and index
650 _aIslam
_95289
650 _aHistorical aspects
_911240
942 _2ddc
_cEN
_h270
_mMOH
999 _c124581
_d124581